[Event "Torneo Aficionados Sub-2000 Utiel"]
[Site "Utiel, Spain"]
[Date "2018.08.26"]
[Round "4.2"]
[White "Corrales Ucles, Eduardo"]
[Black "Gimenez Sanchis, Fco. Andres"]
[Result "1/2-1/2"]
[WhiteElo "1936"]
[BlackElo "1971"]
[PlyCount "41"]
[EventDate "2018.??.??"]

1. d4 {[%clk 00:07:05]  [%emt 00:00:11]} 1... d5 {[%clk 00:07:04]} 2. Bf4 {
[%clk 00:07:07]} 2... e6 {[%clk 00:07:04]} 3. e3 {[%clk 00:07:09]} 3... c5 {
[%clk 00:07:04]} 4. c3 {[%clk 00:07:10]  [%emt 00:00:11]} 4... Nc6 {
[%clk 00:07:04]} 5. Nf3 {[%clk 00:07:10]} 5... Bd7 {
[%clk 00:07:03]  [%emt 00:00:03]} 6. Nbd2 {[%clk 00:07:10]  [%emt 00:00:04]}
6... cxd4 {[%clk 00:06:58]  [%emt 00:00:15]} 7. exd4 {[%clk 00:07:11]} 7...
Nge7 {[%clk 00:06:58]  [%emt 00:00:04]} 8. h3 {[%clk 00:07:11]} 8... Ng6 {
[%clk 00:06:58]} 9. Bg3 {[%clk 00:07:06]  [%emt 00:00:05]} 9... Be7 {
[%clk 00:06:46]  [%emt 00:00:15]} 10. Bd3 {[%clk 00:07:06]  [%emt 00:00:21]}
10... a6 {[%clk 00:06:31]  [%emt 00:00:20]} 11. O-O {
[%clk 00:06:51]  [%emt 00:00:04]} 11... O-O {[%clk 00:06:31]} 12. Re1 {
[%clk 00:06:37]  [%emt 00:00:14]} 12... Rc8 {[%clk 00:06:28]  [%emt 00:00:15]}
13. a4 {[%clk 00:06:02]  [%emt 00:00:30]} 13... Na5 {
[%clk 00:06:13]  [%emt 00:00:17]} 14. Ne5 {[%clk 00:05:51]  [%emt 00:00:19]}
14... Nxe5 {[%clk 00:06:08]  [%emt 00:00:10]} 15. Bxe5 {[%emt 00:00:16]} 15...
Bf6 {[%emt 00:00:34]} 16. Qh5 {[%clk 00:05:15]  [%emt 00:00:12]} 16... g6 {
[%emt 00:00:42]} 17. Qf3 {[%clk 00:05:00]} 17... Bxe5 {
[%clk 00:05:48]  [%emt 00:00:04]} 18. Rxe5 {[%clk 00:04:59]} 18... Nc6 {
[%clk 00:05:41]} 19. Ree1 {[%emt 00:00:22]} 19... Qg5 {
[%clk 00:05:14]  [%emt 00:00:06]} 20. Qe3 {[%clk 00:04:36]  [%emt 00:00:47]}
20... Qxe3 {[%clk 00:05:10]} 21. Rxe3 {[%clk 00:04:35]} 1/2-1/2

[Event "Torneo Aficionados Sub-2000 Utiel"]
[Site "Utiel, Spain"]
[Date "2018.08.26"]
[Round "4.3"]
[White "Perez Garcia, Juan Angel"]
[Black "Minguez Piquer, Joaquim"]
[Result "1/2-1/2"]
[WhiteElo "1954"]
[BlackElo "1786"]
[PlyCount "65"]
[EventDate "2018.??.??"]

1. d4 {[%clk 00:07:03]  [%emt 00:00:06]} 1... Nf6 {
[%clk 00:07:03]  [%emt 00:00:04]} 2. Nf3 {[%clk 00:07:05]} 2... d5 {
[%clk 00:07:05]  [%emt 00:00:05]} 3. Bf4 {[%clk 00:07:04]} 3... Bf5 {
[%clk 00:07:06]} 4. e3 {[%clk 00:06:59]  [%emt 00:00:12]} 4... e6 {
[%clk 00:07:05]  [%emt 00:00:04]} 5. c4 {[%clk 00:06:58]  [%emt 00:00:04]} 5...
Bb4+ {[%clk 00:06:59]  [%emt 00:00:05]} 6. Nbd2 {
[%clk 00:06:21]  [%emt 00:00:40]} 6... c6 {[%clk 00:06:22]  [%emt 00:00:40]} 7.
cxd5 {[%clk 00:06:19]  [%emt 00:00:06]} 7... exd5 {
[%clk 00:06:19]  [%emt 00:00:05]} 8. a3 {[%clk 00:06:06]  [%emt 00:00:16]} 8...
Ba5 {[%clk 00:06:15]  [%emt 00:00:11]} 9. b4 {[%clk 00:05:58]  [%emt 00:00:07]}
9... Bc7 {[%clk 00:05:58]  [%emt 00:00:20]} 10. Bg5 {[%clk 00:06:00]} 10... h6
{[%clk 00:05:53]  [%emt 00:00:13]} 11. Bh4 {[%clk 00:06:01]} 11... a6 {
[%clk 00:05:25]  [%emt 00:00:29]} 12. Be2 {[%clk 00:06:02]  [%emt 00:00:06]}
12... Nbd7 {[%clk 00:05:24]  [%emt 00:00:04]} 13. O-O {[%clk 00:06:02]} 13...
g5 {[%clk 00:05:12]  [%emt 00:00:14]} 14. Bg3 {[%clk 00:06:04]} 14... Ne4 {
[%clk 00:04:50]  [%emt 00:00:27]} 15. Nxe4 {[%emt 00:00:26]} 15... dxe4 {
[%clk 00:04:40]  [%emt 00:00:04]} 16. Nd2 {[%clk 00:05:16]  [%emt 00:00:36]}
16... Bxg3 {[%clk 00:04:20]  [%emt 00:00:22]} 17. fxg3 {
[%clk 00:05:15]  [%emt 00:00:08]} 17... Bg6 {[%clk 00:04:14]  [%emt 00:00:07]}
18. Bh5 {[%clk 00:05:11]  [%emt 00:00:07]} 18... Qe7 {
[%clk 00:04:05]  [%emt 00:00:12]} 19. Bxg6 {[%clk 00:04:57]  [%emt 00:00:16]}
19... fxg6 {[%clk 00:04:06]} 20. Qg4 {[%clk 00:04:58]  [%emt 00:00:06]} 20...
Nf6 {[%clk 00:03:48]  [%emt 00:00:20]} 21. Rxf6 {
[%clk 00:04:23]  [%emt 00:00:38]} 21... Qxf6 {[%clk 00:03:46]  [%emt 00:00:05]}
22. Rf1 {[%clk 00:04:24]} 22... Qe7 {[%clk 00:03:28]  [%emt 00:00:22]} 23. Nxe4
{[%clk 00:04:09]  [%emt 00:00:18]} 23... h5 {[%clk 00:03:06]  [%emt 00:00:28]}
24. Nf6+ {[%clk 00:03:59]  [%emt 00:00:10]} 24... Qxf6 {
[%clk 00:03:03]  [%emt 00:00:08]} 25. Qe4+ {[%clk 00:04:00]} 25... Qe7 {
[%clk 00:03:04]  [%emt 00:00:06]} 26. Qxg6+ {[%clk 00:04:00]} 26... Kd8 {
[%clk 00:02:50]  [%emt 00:00:16]} 27. Rf7 {[%clk 00:03:18]  [%emt 00:00:50]}
27... Qxe3+ {[%clk 00:02:44]  [%emt 00:00:06]} 28. Kf1 {[%clk 00:03:20]} 28...
Qxd4 {[%clk 00:02:13]  [%emt 00:00:38]} 29. Qxg5+ {
[%clk 00:03:16]  [%emt 00:00:07]} 29... Kc8 {[%clk 00:02:13]  [%emt 00:00:05]}
30. Qe7 {[%clk 00:03:12]  [%emt 00:00:05]} 30... Qd1+ {
[%clk 00:01:34]  [%emt 00:00:37]} 31. Kf2 {[%clk 00:03:11]  [%emt 00:00:08]}
31... Qd2+ {[%clk 00:01:36]} 32. Kf1 {[%clk 00:03:12]  [%emt 00:00:09]} 32...
Qd4 {[%emt 00:00:38]} 33. Rf8+ {Qb6} 1/2-1/2

[Event "Torneo Aficionados Sub-2000 Utiel"]
[Site "Utiel, Spain"]
[Date "2018.08.26"]
[Round "4.4"]
[White "Capella Gimenez, Jose M"]
[Black "Garcia Oviedo, Alejandro"]
[Result "1-0"]
[WhiteElo "1997"]
[BlackElo "1837"]
[PlyCount "27"]
[EventDate "2018.??.??"]

1. d4 {[%clk 00:07:03]  [%emt 00:00:16]} 1... d5 {[%clk 00:07:06]} 2. c4 {
[%clk 00:07:05]} 2... c6 {[%clk 00:07:08]} 3. Nc3 {
[%clk 00:07:06]  [%emt 00:00:18]} 3... e6 {[%clk 00:07:06]} 4. e4 {
[%clk 00:07:05]} 4... Bb4 {[%clk 00:06:35]  [%emt 00:00:21]} 5. e5 {
[%clk 00:06:29]  [%emt 00:00:34]} 5... Ne7 {[%clk 00:05:54]  [%emt 00:00:43]}
6. a3 {[%clk 00:06:18]  [%emt 00:00:35]} 6... Ba5 {[%clk 00:05:47]} 7. Bg5 {
[%clk 00:05:55]  [%emt 00:00:15]} 7... dxc4 {[%clk 00:05:40]  [%emt 00:00:13]}
8. Bxc4 {[%clk 00:05:55]  [%emt 00:00:10]} 8... Qb6 {
[%clk 00:04:55]  [%emt 00:00:38]} 9. b4 {[%clk 00:05:25]  [%emt 00:00:43]} 9...
Bxb4 {[%clk 00:04:57]} 10. axb4 {[%clk 00:05:27]} 10... Qxb4 {
[%clk 00:04:59]  [%emt 00:00:03]} 11. Qb3 {[%emt 00:00:13]} 11... Qxc3+ {
[%clk 00:04:50]} 12. Qxc3 {[%clk 00:05:30]} 12... Nd5 {[%clk 00:04:50]} 13.
Bxd5 {[%clk 00:05:31]} 13... exd5 {[%clk 00:04:53]  [%emt 00:00:07]} 14. Qc5 {
[%clk 00:05:22]  [%emt 00:00:04]} 1-0

[Event "Torneo Aficionados Sub-2000 Utiel"]
[Site "Utiel, Spain"]
[Date "2018.08.26"]
[Round "4.5"]
[White "Fernandez Garcia, Olmo"]
[Black "Arance Gonzalez, Luis"]
[Result "1-0"]
[WhiteElo "1834"]
[BlackElo "1990"]
[PlyCount "73"]
[EventDate "2018.??.??"]

1. e4 {[%clk 00:07:04]} 1... d5 {[%clk 00:07:06]} 2. exd5 {[%clk 00:07:04]}
2... Qxd5 {[%clk 00:07:07]} 3. d4 {[%clk 00:07:03]} 3... Nf6 {[%clk 00:07:06]}
4. Nc3 {[%clk 00:07:03]} 4... Qa5 {[%clk 00:07:08]  [%emt 00:00:03]} 5. Bd2 {
[%clk 00:06:49]  [%emt 00:00:12]} 5... c6 {[%clk 00:07:09]  [%emt 00:00:10]} 6.
Bc4 {[%clk 00:06:39]  [%emt 00:00:05]} 6... Bf5 {
[%clk 00:07:05]  [%emt 00:00:28]} 7. Nf3 {[%clk 00:06:30]  [%emt 00:00:08]}
7... e6 {[%clk 00:07:05]} 8. O-O {[%clk 00:06:28]} 8... Nbd7 {
[%clk 00:07:00]  [%emt 00:00:06]} 9. Re1 {[%clk 00:06:20]  [%emt 00:00:04]}
9... Qc7 {[%clk 00:06:56]  [%emt 00:00:41]} 10. Ne5 {[%clk 00:06:09]} 10... Bd6
{[%clk 00:06:50]} 11. Bf4 {[%clk 00:05:47]  [%emt 00:00:20]} 11... O-O {
[%clk 00:06:48]  [%emt 00:00:03]} 12. Bg3 {[%clk 00:05:30]  [%emt 00:00:21]}
12... Rad8 {[%clk 00:05:53]  [%emt 00:00:52]} 13. Qe2 {
[%clk 00:04:26]  [%emt 00:01:07]} 13... a6 {[%clk 00:04:53]  [%emt 00:01:03]}
14. Rad1 {[%clk 00:04:15]  [%emt 00:00:14]} 14... c5 {
[%clk 00:04:28]  [%emt 00:00:28]} 15. Nxd7 {[%clk 00:03:15]  [%emt 00:01:02]}
15... Rxd7 {[%clk 00:04:08]  [%emt 00:00:29]} 16. d5 {
[%clk 00:02:21]  [%emt 00:00:53]} 16... Bxg3 {[%clk 00:04:00]  [%emt 00:00:15]}
17. hxg3 {[%clk 00:02:20]  [%emt 00:00:04]} 17... Re8 {
[%clk 00:02:35]  [%emt 00:01:49]} 18. dxe6 {[%clk 00:01:54]  [%emt 00:00:14]}
18... Bxe6 {[%clk 00:02:36]} 19. Rxd7 {[%clk 00:01:27]  [%emt 00:00:20]} 19...
Bxd7 {[%clk 00:02:08]  [%emt 00:00:48]} 20. Qd1 {
[%clk 00:00:56]  [%emt 00:00:17]} 20... Rxe1+ {[%clk 00:02:04]  [%emt 00:00:12]
} 21. Qxe1 {[%clk 00:00:57]} 21... Bc6 {[%clk 00:02:05]} 22. Qe2 {
[%clk 00:00:48]  [%emt 00:00:18]} 22... Kf8 {[%clk 00:02:04]  [%emt 00:00:04]}
23. Bd3 {[%clk 00:00:39]  [%emt 00:00:06]} 23... Qe7 {
[%clk 00:01:50]  [%emt 00:00:17]} 24. Kf1 {[%clk 00:00:35]  [%emt 00:00:24]}
24... b5 {[%clk 00:01:48]  [%emt 00:00:06]} 25. f3 {[%clk 00:00:31]} 25... c4 {
[%clk 00:01:30]  [%emt 00:00:10]} 26. Bf5 {[%clk 00:00:27]  [%emt 00:00:39]}
26... g6 {[%clk 00:01:25]} 27. Qxe7+ {[%clk 00:00:25]  [%emt 00:00:03]} 27...
Kxe7 {[%clk 00:01:27]} 28. Bc8 {[%clk 00:00:27]} 28... Ne8 {[%clk 00:01:22]}
29. Bxa6 {[%clk 00:00:26]} 29... Kd6 {[%clk 00:01:25]} 30. Bxb5 {
[%clk 00:00:26]  [%emt 00:00:04]} 30... Bxb5 {[%clk 00:01:21]  [%emt 00:00:04]}
31. Nxb5+ Kc5 32. Nc3 {[%clk 00:00:30]} 32... Nd6 {
[%clk 00:01:25]  [%emt 00:00:04]} 33. Ke2 {[%clk 00:00:31]} 33... Kd4 {
[%clk 00:01:27]} 34. Nd1 {[%clk 00:00:32]  [%emt 00:00:04]} 34... Nf5 {
[%clk 00:01:26]  [%emt 00:00:03]} 35. c3+ {[%clk 00:00:32]} 35... Kc5 {
[%clk 00:01:27]  [%emt 00:00:07]} 36. g4 {[%clk 00:00:33]  [%emt 00:00:20]}
36... Nh4 {[%clk 00:01:26]} 37. g3 {[%emt 00:00:03]} 1-0

[Event "Torneo Aficionados Sub-2000 Utiel"]
[Site "Utiel, Spain"]
[Date "2018.08.26"]
[Round "4.6"]
[White "Gadea Iafigliola, Gabriel Fernan"]
[Black "Torres Espallardo, Pablo"]
[Result "1-0"]
[WhiteElo "1760"]
[BlackElo "1946"]
[PlyCount "64"]
[EventDate "2018.??.??"]

1. Nf3 {[%clk 00:07:03]  [%emt 00:00:09]} 1... Nf6 {[%clk 00:07:05]} 2. g3 {
[%clk 00:07:04]} 2... g6 {[%clk 00:07:07]} 3. b3 {[%clk 00:07:06]} 3... Bg7 {
[%clk 00:07:09]} 4. Bb2 {[%clk 00:07:08]} 4... O-O {
[%clk 00:07:08]  [%emt 00:00:11]} 5. Bg2 {[%clk 00:07:10]} 5... d5 {
[%clk 00:07:09]} 6. c4 {[%clk 00:07:09]  [%emt 00:00:03]} 6... c5 {
[%clk 00:07:04]  [%emt 00:00:10]} 7. cxd5 {[%clk 00:06:56]  [%emt 00:00:12]}
7... Qxd5 {[%clk 00:06:59]  [%emt 00:00:27]} 8. O-O {[%clk 00:06:56]} 8... Qd6
{[%clk 00:06:43]  [%emt 00:00:07]} 9. d3 {[%clk 00:06:47]  [%emt 00:00:11]}
9... Nc6 {[%clk 00:06:43]  [%emt 00:00:03]} 10. Nbd2 {
[%clk 00:06:45]  [%emt 00:00:12]} 10... Rb8 {[%clk 00:05:13]  [%emt 00:01:25]}
11. Nc4 {[%clk 00:06:45]  [%emt 00:00:04]} 11... Qd7 {
[%clk 00:04:45]  [%emt 00:00:30]} 12. a3 {[%clk 00:06:29]  [%emt 00:00:24]}
12... Nd5 {[%clk 00:03:57]  [%emt 00:00:47]} 13. Bxg7 {
[%clk 00:06:29]  [%emt 00:00:03]} 13... Kxg7 {[%clk 00:03:59]} 14. Qc2 {
[%clk 00:06:16]  [%emt 00:00:16]} 14... b6 {[%clk 00:03:52]  [%emt 00:00:08]}
15. Rfd1 {[%clk 00:05:59]  [%emt 00:00:20]} 15... Bb7 {
[%clk 00:03:51]  [%emt 00:00:30]} 16. Nfe5 {[%clk 00:05:58]} 16... Nxe5 {
[%clk 00:03:47]  [%emt 00:00:08]} 17. Nxe5 {[%clk 00:05:59]} 17... Qf5 {
[%clk 00:03:34]} 18. Qb2 {[%clk 00:05:42]  [%emt 00:00:18]} 18... f6 {
[%clk 00:03:33]  [%emt 00:00:04]} 19. Nc4 {[%clk 00:05:29]  [%emt 00:00:13]}
19... Qd7 {[%clk 00:03:19]  [%emt 00:00:21]} 20. d4 {
[%clk 00:05:12]  [%emt 00:00:20]} 20... Qc7 {[%clk 00:02:34]  [%emt 00:00:47]}
21. dxc5 {[%clk 00:05:07]  [%emt 00:00:05]} 21... Qxc5 {
[%clk 00:02:36]  [%emt 00:00:39]} 22. Rac1 {[%clk 00:04:54]} 22... e6 {
[%clk 00:01:54]  [%emt 00:00:25]} 23. Ne3 {[%clk 00:04:29]  [%emt 00:00:26]}
23... Qd6 {[%clk 00:01:36]  [%emt 00:00:30]} 24. Nxd5 {[%clk 00:04:27]} 24...
exd5 {[%clk 00:01:35]} 25. e4 {[%clk 00:04:27]  [%emt 00:00:08]} 25... d4 {
[%clk 00:00:16]  [%emt 00:01:17]} 26. Rxd4 {[%clk 00:04:21]  [%emt 00:00:12]}
26... Qe7 {[%clk 00:00:18]  [%emt 00:00:04]} 27. Rcd1 {
[%clk 00:04:10]  [%emt 00:00:08]} 27... Rbd8 {[%clk 00:00:16]  [%emt 00:00:10]}
28. b4 {[%clk 00:04:10]  [%emt 00:00:04]} 28... Rfe8 {
[%clk 00:00:12]  [%emt 00:00:10]} 29. f3 {[%clk 00:04:02]  [%emt 00:00:05]}
29... Qe5 {[%clk 00:00:10]  [%emt 00:00:11]} 30. Rd7+ {
[%clk 00:03:39]  [%emt 00:00:19]} 30... Rxd7 {[%clk 00:00:05]  [%emt 00:00:13]}
31. Rxd7+ Re7 32. Qxe5 {[%clk 00:03:38]  [%emt 00:00:11]} 32... fxe5 1-0

[Event "Torneo Aficionados Sub-2000 Utiel"]
[Site "Utiel, Spain"]
[Date "2018.08.26"]
[Round "5.1"]
[White "Gimenez Sanchis, Fco. Andres"]
[Black "Carbonell Sancho, Marc"]
[Result "0-1"]
[WhiteElo "1971"]
[BlackElo "1981"]
[PlyCount "76"]
[EventDate "2018.??.??"]

1. e4 {[%clk 00:07:03]  [%emt 00:08:27]} 1... e6 {
[%clk 00:07:04]  [%emt 00:00:17]} 2. d4 {[%clk 00:07:04]  [%emt 00:00:17]} 2...
d5 {[%clk 00:07:05]} 3. exd5 {[%clk 00:07:06]} 3... exd5 {[%clk 00:07:07]} 4.
Nf3 {[%clk 00:07:08]} 4... Bd6 {[%clk 00:07:07]  [%emt 00:00:09]} 5. Bd3 {
[%clk 00:07:09]} 5... Ne7 {[%clk 00:07:09]} 6. O-O {[%clk 00:07:07]} 6... O-O {
[%clk 00:07:09]} 7. h3 {[%clk 00:06:54]  [%emt 00:00:03]} 7... Bf5 {
[%clk 00:07:10]  [%emt 00:00:04]} 8. Re1 {[%clk 00:06:54]  [%emt 00:00:04]}
8... Qd7 {[%clk 00:07:09]  [%emt 00:00:04]} 9. Bxf5 {
[%clk 00:06:51]  [%emt 00:00:07]} 9... Nxf5 {[%clk 00:07:10]  [%emt 00:00:03]}
10. Nc3 {[%clk 00:06:30]  [%emt 00:00:17]} 10... c6 {
[%clk 00:07:01]  [%emt 00:00:47]} 11. Ne2 {[%clk 00:06:18]} 11... Re8 {
[%clk 00:06:19]  [%emt 00:00:25]} 12. Bf4 {[%clk 00:05:49]  [%emt 00:00:31]}
12... Na6 {[%clk 00:06:19]  [%emt 00:00:31]} 13. Bxd6 {
[%clk 00:05:44]  [%emt 00:00:03]} 13... Nxd6 {[%clk 00:06:12]} 14. Ne5 {
[%clk 00:05:35]  [%emt 00:00:03]} 14... Qc7 {[%clk 00:06:13]  [%emt 00:00:08]}
15. Ng3 {[%clk 00:05:29]  [%emt 00:00:04]} 15... f6 {
[%clk 00:06:11]  [%emt 00:00:03]} 16. Nf3 {[%clk 00:05:27]  [%emt 00:00:06]}
16... Qf7 {[%clk 00:06:07]  [%emt 00:00:11]} 17. c3 {
[%clk 00:05:15]  [%emt 00:00:09]} 17... Nc7 {[%clk 00:06:04]  [%emt 00:00:10]}
18. Qd3 {[%clk 00:05:10]  [%emt 00:00:05]} 18... g6 {
[%clk 00:05:58]  [%emt 00:00:16]} 19. a4 {[%clk 00:04:46]  [%emt 00:00:22]}
19... Ne6 {[%clk 00:05:57]  [%emt 00:00:03]} 20. b3 {
[%clk 00:03:55]  [%emt 00:00:52]} 20... Nf4 {[%clk 00:05:52]  [%emt 00:00:32]}
21. Qd2 {[%clk 00:03:53]  [%emt 00:00:04]} 21... g5 {[%clk 00:05:53]} 22. Rxe8+
{[%clk 00:03:35]  [%emt 00:00:03]} 22... Rxe8 {[%clk 00:05:54]} 23. Re1 {
[%clk 00:03:33]  [%emt 00:00:07]} 23... Qg6 {[%clk 00:05:36]  [%emt 00:00:17]}
24. Rxe8+ {[%clk 00:03:29]  [%emt 00:00:29]} 24... Qxe8 {[%clk 00:05:37]} 25.
h4 {[%clk 00:03:27]  [%emt 00:00:08]} 25... h6 {
[%clk 00:05:10]  [%emt 00:00:11]} 26. hxg5 {[%clk 00:03:25]  [%emt 00:00:05]}
26... hxg5 {[%clk 00:05:07]  [%emt 00:00:05]} 27. Kf1 {
[%clk 00:02:59]  [%emt 00:00:29]} 27... Kf7 {[%clk 00:04:00]  [%emt 00:01:08]}
28. Ng1 {[%clk 00:02:17]  [%emt 00:00:45]} 28... Ne4 {
[%clk 00:03:49]  [%emt 00:00:18]} 29. Qe3 {[%clk 00:02:00]  [%emt 00:00:16]}
29... Nxg3+ {[%clk 00:03:42]  [%emt 00:00:10]} 30. Qxg3 {
[%clk 00:01:59]  [%emt 00:00:34]} 30... Qe4 {[%clk 00:03:43]} 31. Qg4 {
[%clk 00:00:25]  [%emt 00:01:31]} 31... Qd3+ {[%clk 00:03:41]  [%emt 00:00:04]}
32. Ke1 {[%clk 00:00:13]  [%emt 00:00:03]} 32... Qxc3+ {[%clk 00:03:40]} 33.
Kd1 {[%clk 00:00:12]} 33... Qxd4+ {[%clk 00:03:40]  [%emt 00:00:03]} 34. Kc2 {
[%clk 00:00:08]  [%emt 00:00:07]} 34... Qxf2+ {[%clk 00:03:39]  [%emt 00:00:08]
} 35. Kc3 {[%clk 00:00:07]  [%emt 00:00:07]} 35... Qxg1 {
[%clk 00:03:29]  [%emt 00:00:04]} 36. Kb4 {[%clk 00:00:05]  [%emt 00:00:38]}
36... Qd4+ {[%clk 00:03:28]} 37. Ka3 {[%clk 00:00:07]} 37... a5 {
[%clk 00:03:27]  [%emt 00:00:08]} 38. g3 {[%clk 00:00:08]} 38... Qa1# {
[%clk 00:03:28]} 0-1

[Event "Torneo Aficionados Sub-2000 Utiel"]
[Site "Utiel, Spain"]
[Date "2018.08.26"]
[Round "5.2"]
[White "Minguez Piquer, Joaquim"]
[Black "Corrales Ucles, Eduardo"]
[Result "0-1"]
[WhiteElo "1786"]
[BlackElo "1936"]
[PlyCount "60"]
[EventDate "2018.??.??"]

1. e4 {[%clk 00:07:04]  [%emt 00:00:05]} 1... e6 {[%clk 00:07:06]} 2. d4 {
[%clk 00:07:06]} 2... d5 {[%clk 00:07:08]} 3. exd5 {
[%clk 00:07:07]  [%emt 00:00:07]} 3... exd5 {[%clk 00:07:10]} 4. Bd3 {
[%clk 00:07:09]} 4... Bd6 {[%clk 00:07:10]} 5. Nf3 {[%clk 00:07:10]} 5... Nc6 {
[%clk 00:07:06]  [%emt 00:00:25]} 6. O-O {[%clk 00:07:11]} 6... Nge7 {
[%clk 00:07:08]} 7. Re1 {[%clk 00:07:05]} 7... Bg4 {[%clk 00:07:05]} 8. c3 {
[%clk 00:07:07]  [%emt 00:00:10]} 8... Qd7 {[%clk 00:07:06]  [%emt 00:00:07]}
9. Be3 {[%clk 00:06:55]  [%emt 00:00:05]} 9... O-O-O {
[%clk 00:06:55]  [%emt 00:00:14]} 10. Nbd2 {[%clk 00:06:57]  [%emt 00:00:03]}
10... f6 {[%clk 00:06:49]  [%emt 00:00:05]} 11. Qa4 {
[%clk 00:06:43]  [%emt 00:00:39]} 11... Kb8 {[%clk 00:06:31]} 12. b4 {
[%clk 00:06:45]  [%emt 00:00:11]} 12... Nf5 {[%clk 00:06:12]  [%emt 00:00:10]}
13. b5 {[%clk 00:05:36]  [%emt 00:01:13]} 13... Nce7 {
[%clk 00:06:09]  [%emt 00:00:30]} 14. c4 {[%clk 00:05:15]  [%emt 00:00:06]}
14... dxc4 {[%clk 00:05:51]  [%emt 00:00:16]} 15. Bxc4 {
[%clk 00:05:13]  [%emt 00:00:30]} 15... Nc8 {[%clk 00:05:33]  [%emt 00:00:03]}
16. Qc2 {[%clk 00:04:21]  [%emt 00:01:06]} 16... Nxe3 {
[%clk 00:05:12]  [%emt 00:00:07]} 17. fxe3 {[%clk 00:04:22]  [%emt 00:00:10]}
17... Nb6 {[%clk 00:05:07]  [%emt 00:00:09]} 18. Bd3 {
[%clk 00:04:18]  [%emt 00:00:04]} 18... Nd5 {[%clk 00:04:51]  [%emt 00:00:09]}
19. Qb3 {[%clk 00:04:09]  [%emt 00:00:25]} 19... Nb6 {
[%clk 00:04:11]  [%emt 00:00:45]} 20. e4 {[%clk 00:03:55]  [%emt 00:00:10]}
20... Bf4 {[%clk 00:04:09]  [%emt 00:00:03]} 21. d5 {
[%clk 00:03:44]  [%emt 00:00:10]} 21... g5 {[%clk 00:04:07]  [%emt 00:00:31]}
22. a4 {[%clk 00:03:45]  [%emt 00:00:04]} 22... Qd6 {[%clk 00:03:56]} 23. a5 {
[%clk 00:03:42]} 23... Nd7 {[%clk 00:03:55]  [%emt 00:00:03]} 24. Nc4 {
[%clk 00:02:41]  [%emt 00:01:00]} 24... Qc5+ {[%clk 00:03:40]  [%emt 00:00:15]}
25. Kh1 {[%clk 00:02:39]  [%emt 00:00:09]} 25... Bxf3 {
[%clk 00:03:36]  [%emt 00:00:06]} 26. gxf3 {[%clk 00:02:40]  [%emt 00:00:07]}
26... Ne5 {[%clk 00:03:28]  [%emt 00:00:08]} 27. Nxe5 {
[%clk 00:02:22]  [%emt 00:00:16]} 27... Bxe5 {[%clk 00:03:18]  [%emt 00:00:16]}
28. Rac1 {[%clk 00:02:04]  [%emt 00:00:18]} 28... Qf2 {
[%clk 00:03:17]  [%emt 00:00:34]} 29. Re2 {[%clk 00:01:53]  [%emt 00:00:05]}
29... Qxf3+ {[%clk 00:03:05]} 30. Kg1 {[%clk 00:01:54]} 30... Bd4+ {
[%clk 00:03:04]  [%emt 00:00:07]} 0-1